000 00236nam a2200097Ia 4500
008 190216s9999||||xx |||||||||||||| ||und||
100 _aRajakumari A
245 0 _aFossil Sasya Shashthram
260 _bKerala Bhasha Institute
942 _cBK
999 _c40047
_d40047